Những chế độ chính trị và văn bản pháp luật hiện hành đối với cán bộ, giáo viên, công nhân viên
Na minha lista:
| Outros Autores: | , , |
|---|---|
| Formato: | Livro |
| Publicado em: |
H.
Lao động
2006
|
| Assuntos: | |
| Tags: |
Adicionar Tag
Sem tags, seja o primeiro a adicionar uma tag!
|
| Thư viện lưu trữ: | Trung tâm Học liệu Lê Vũ Hùng, Trường Đại học Đồng Tháp |
|---|
| LEADER | 01046pam a22003018a 4500 | ||
|---|---|---|---|
| 001 | 00000803 | ||
| 005 | 20171026081022.0 | ||
| 008 | 110323s2006 ||||||Viesd | ||
| 041 | 0 | # | |a Vie |
| 082 | 1 | 4 | |a 344.597 01 |b NH556Ch |
| 245 | 1 | 0 | |a Những chế độ chính trị và văn bản pháp luật hiện hành đối với cán bộ, giáo viên, công nhân viên |c Lê Hồng Sơn...[et al.] |
| 260 | # | # | |a H. |b Lao động |c 2006 |
| 300 | # | # | |a 398 tr. |c 21 cm. |
| 500 | # | # | |a ĐTTS ghi: Công đoàn giáo dục việt nam |
| 650 | # | 4 | |a Pháp luật |
| 653 | # | # | |a Cán bộ |
| 653 | # | # | |a Công nhân viên |
| 653 | # | # | |a Việt nam |
| 653 | # | # | |a Qui định |
| 653 | # | # | |a Giáo viên |
| 700 | 1 | # | |a Lương tất Thùy |
| 700 | 1 | # | |a Nguyễn Văn Bảy |
| 700 | 1 | # | |a Vũ Thị Thanh Bình |
| 852 | # | # | |j KD.0000652 |
| 852 | # | # | |b Kho đọc |j KD.0000652 |
| 910 | |d 23/03/2011 | ||
| 980 | # | # | |a Trung tâm Học liệu Lê Vũ Hùng, Trường Đại học Đồng Tháp |